000
00293nam a2200121Ia 4500
100
_a
Webster & Associates
942
_c
BK
654
_a
Word for 6 windows
245
_a
Word 6 for Windows : Visual quick guide
260
_b
Galgotia
_a
New Delhi
_c
1994
546
_a
ENGLISH
999
_c
22774
_d
22774